Pokémon - Les attaques de Écrémeuh - Statistiques

Statistiques générales
  • Ce quiz a été pris 55 fois
    23 depuis la dernière actualisation
  • Le résultat moyen est 7 sur 13
Statistiques - réponses
Niveaux Types Noms des attaques % Correct
Départ Normal Charge
100%
Niveau 5 Roche Roulade
88%
Niveau 3 Normal Rugissement
82%
Niveau 35 Normal Lait à Boire
71%
Niveau 15 Normal Écrasement
65%
Niveau 50 Fée Charme
59%
Niveau 40 Normal Plaquage
53%
Niveau 30 Psy Psykoud'Boul
47%
Niveau 10 Normal Boul'Armure
41%
Niveau 45 Fée Câlinerie
35%
Niveau 55 Sol Cavalerie Lourde
29%
Niveau 20 Normal Glas de Soin
24%
Niveau 25 Normal Coup d'Boule
18%
Aucun quiz correspondant
Distribution des résultats
% des personnes avec chaque résultat
Percentile par nombre de réponses
Votre historique - résultats
Vous n’avez pas pris ce quiz depuis la dernière actualisation